Different worlds / (Record no. 3262)

MARC details
000 -LEADER
fixed length control field 01110cac a22003251u 4500
003 - CONTROL NUMBER IDENTIFIER
control field EG-ScBUE
005 - DATE AND TIME OF LATEST TRANSACTION
control field 20220621132552.0
008 - FIXED-LENGTH DATA ELEMENTS--GENERAL INFORMATION
fixed length control field 100106r20082003enkab f 000 0 eng d
020 ## - INTERNATIONAL STANDARD BOOK NUMBER
International Standard Book Number 9780521686235 (paperback plus audio CD pack)
020 ## - INTERNATIONAL STANDARD BOOK NUMBER
International Standard Book Number 9780521536554 (paperback)
020 ## - INTERNATIONAL STANDARD BOOK NUMBER
International Standard Book Number 9780521686235 (CD)
040 ## - CATALOGING SOURCE
Original cataloging agency EG-ScBUE
Language of cataloging eng
Description conventions rda
Transcribing agency EG-ScBUE
Modifying agency EG-ScBUE
082 04 - DEWEY DECIMAL CLASSIFICATION NUMBER
Classification number 428.64
Item number JOH
Edition number 22
100 1# - MAIN ENTRY--PERSONAL NAME
Personal name Johnson, Margaret,‏
Dates associated with a name 1959-
Relator term author.
9 (RLIN) 10253
245 10 - TITLE STATEMENT
Title Different worlds /
Statement of responsibility, etc Margaret Johnson.
250 ## - EDITION STATEMENT
Edition statement Eighth printing.
264 #1 - PUBLICATION, DISTRIBUTION, ETC. (IMPRINT)
Place of publication, distribution, etc Cambridge :
Name of publisher, distributor, etc Cambridge University Press,
Date of publication, distribution, etc 2008.
300 ## - PHYSICAL DESCRIPTION
Extent 48 pages :
Other physical details illustrations, maps ;
Dimensions 20 cm.
336 ## - CONTENT TYPE
Source rdacontent
Content type term text
Content type code txt
337 ## - MEDIA TYPE
Source rdamedia
Media type term unmediated
Media type code n
338 ## - CARRIER TYPE
Source rdacarrier
Carrier type term volume
Carrier type code nc
490 0# - SERIES STATEMENT
Series statement Cambridge English readers ;
Volume number/sequential designation level 2
650 #7 - SUBJECT ADDED ENTRY--TOPICAL TERM
Topical term or geographic name as entry element Readers for new literates.
9 (RLIN) 10254
Source of heading or term BUEsh
650 #7 - SUBJECT ADDED ENTRY--TOPICAL TERM
Topical term or geographic name as entry element English language
Form subdivision Textbooks for foreign speakers.
Source of heading or term BUEsh
650 #7 - SUBJECT ADDED ENTRY--TOPICAL TERM
Topical term or geographic name as entry element Readers (Adult)
Source of heading or term BUEsh
651 ## - SUBJECT ADDED ENTRY--GEOGRAPHIC NAME
Source of heading or term BUEsh
653 ## - INDEX TERM--UNCONTROLLED
Resource For college Humanities: English
655 ## - INDEX TERM--GENRE/FORM
Form subdivision Reading book
9 (RLIN) 34232
942 ## - ADDED ENTRY ELEMENTS (KOHA)
Koha item type Book - Borrowing
Call number prefix 428.64 JOH
Source of classification or shelving scheme Dewey Decimal Classification
Holdings
Withdrawn status Lost status Materials specified (bound volume or other part) Damaged status Not for loan Home library Current library Shelving location Date acquired Source of acquisition Total Checkouts Total Renewals Full call number Barcode Date last seen Date checked out Price effective from Koha item type Source of classification or shelving scheme Collection code Public note Cost, normal purchase price Serial Enumeration / chronology
  Lost Lost In Inventory_2005-2015/8/22     Central Library Central Library Second Floor 03/04/2007 Purchase 18 3 428.64 JOH 00000933 06/01/2010 21/12/2009 29/03/2007 Book - Borrowing          
          Central Library Central Library Second Floor 19/05/2010 Donation 26 50 428.64 JOH 000020842 15/07/2025 30/09/2020 19/05/2010 Book - Borrowing Dewey Decimal Classification Donation-Gift Donated by Dr. Azza Taha    
          Central Library Central Library Second Floor 23/02/2012   22 22 428.64 JOH 000039486 15/07/2025 03/11/2020   Book - Borrowing Dewey Decimal Classification     38.00 187
          Central Library Central Library Second Floor 23/02/2012   2   428.64 JOH 000026207 24/08/2022 03/11/2020 23/02/2012 CD | DVD - With book Dewey Decimal Classification     38.00 187